000 00429nam a2200133 a 4500
001 000030607
005 20200930062415.0
008 110524s1956 dr 000 0 spa d
111 2 _aFeria de la Paz y Confraternidad del Mundo Libre
_d(1956:
_cCiudad Trujillo )
_957200
245 1 0 _aReglamento.
260 _aCiudad Trujillo, República Dominicana :
_bEditora del Caribe.,
_c1956.
300 _a54 p. ;
_c23 cm.
999 _c30099
_d30099
040 _aDO-SdBNP